000
00405nam a2200169Ia 4500
001
14578
003
GE_BSU
008
181216s||||||||xx |||||||||||||| ||und||
040
_c
GE_BSU
245
_a
Педагогика. №9. 2014
245
_c
Гл.ред.Бозиев Р.С.
260
_a
Москва
260
_c
2014
300
_a
128стр.23см.
653
_a
Педагогика
942
_c
CR
999
_c
47707
_d
47707